Click the French Regions on the Map - Sudden Death - Statistics

General Stats
  • This quiz has been taken 302 times
  • The average score is 8 of 13
Answers on the Map
Answers color-coded by a green-red scale on the quiz's map according to % correct below.
 
Answer Stats
Answer % Correct
Corsica
72%
Grand Est
67%
Brittany
62%
Normandy
62%
Provence-Alpes-Côte d'Azur
62%
Auvergne-Rhône-Alpes
61%
Île-de-France
61%
Hauts-de-France
60%
Centre-Val de Loire
58%
Nouvelle Aquitaine
58%
Occitanie
58%
Pays de la Loire
56%
Bourgogne-Franche-Comté
52%
No matching quizzes found
Score Distribution
Percent of People with Each Score
Percentile by Number Answered
Your Score History
You have not taken this quiz